Catálogo

Vista normal Vista MARC

Entrada Personal Name

Número de registros utilizados en: 1

001 - CONTROL NUMBER

  • control field: 16647

003 - CONTROL NUMBER IDENTIFIER

  • control field: DLC

005 - DATE AND TIME OF LATEST TRANSACTION

  • control field: 20250117092337.0

008 - FIXED-LENGTH DATA ELEMENTS

  • fixed length control field: 790816n| azannaabn a aaa

010 ## - LIBRARY OF CONGRESS CONTROL NUMBER

  • LC control number: n 79072964
  • Canceled/invalid LC control number: sh 87001117

016 ## - NATIONAL BIBLIOGRAPHIC AGENCY CONTROL NUMBER

  • Record control number: 0105K0541E

035 ## - SYSTEM CONTROL NUMBER

  • System control number: (OCoLC)oca00305710

040 ## - CATALOGING SOURCE

  • Original cataloging agency: DLC
  • Language of cataloging: spa
  • Description conventions: rda
  • Transcribing agency: Mx-PuUPA
  • Modifying agency: DLC
  • Modifying agency: OCoLC
  • Modifying agency: DLC
  • Modifying agency: Uk
  • Modifying agency: UPB
  • Modifying agency: CaOONL
  • Modifying agency: OCoLC
  • Modifying agency: Mx-PuUPA

042 ## - AUTHENTICATION CODE

  • Authentication code: nlc

046 ## - SPECIAL CODED DATES

  • Birth date: 19320827
  • Source of date scheme: edtf

053 #0 - LC CLASSIFICATION NUMBER

  • Classification number element--single number or beginning number of span: PR6056.R2863

100 1# - HEADING--PERSONAL NAME

  • Personal name: Fraser, Antonia,
  • Dates associated with a name: 1932-

372 ## - FIELD OF ACTIVITY

  • Field of activity: Historia
  • Source of term: lcsh

374 ## - OCCUPATION

  • Occupation: Autor
  • Occupation: Historiador
  • Source of term: lcsh

375 ## - GENDER

  • Gender: mujer

377 ## - ASSOCIATED LANGUAGE

  • Language code: eng

400 1# - SEE FROM TRACING--PERSONAL NAME

  • Control subfield: nnaa
  • Personal name: Fraser, Antonia Pakenham,
  • Titles and other words associated with a name: Lady,
  • Dates associated with a name: 1932-

400 1# - SEE FROM TRACING--PERSONAL NAME

  • Personal name: Pakenham, Antonia,
  • Dates associated with a name: 1932-

670 ## - SOURCE DATA FOUND

  • Source citation: Her Dolls, 1963.

670 ## - SOURCE DATA FOUND

  • Source citation: Biog. resource center (Contemp. authors), Dec. 13, 2005
  • Information found: ((Lady) Antonia (Pakenham) Fraser; b. Aug. 27, 1932, London, England; writer, 1954-; works under name Antonia Pakenham: King Arthur and the Knights of the Round Table (1954), Martyrs in China (1956; translator); Robin Hood (1957); Dior by Dior (1957; translator))

670 ## - SOURCE DATA FOUND

  • Source citation: My history, 2015:
  • Information found: title page (Antonia Fraser) jacket (Antonia Fraser is the author of many widely acclaimed historical works which have been international bestsellers)

670 ## - SOURCE DATA FOUND

  • Source citation: LAC internal file, viewed July 30, 2019
  • Information found: (access point: Fraser, Antonia, 1932-; variant: Fraser, Lady Antonia Pakenham)